Sechs nächstgelegene Länder – Estland - Statistiken

Allgemein
  • Dieses Quiz wurde 129 mal gespielt
  • Das Durchschnittsergebnis liegt bei 5 aus 6
Antwortstatistiken
km Land % Korrekt
0 Lettland
99%
0 Russland
96%
152 Litauen
93%
47 Finnland
85%
157 Belarus
79%
150 Schweden
57%
Keine übereinstimmenden Quizze gefunden
Verteilung der Resultate
Anzahl Personen mit jedem Resultat
Perzentil nach korrekt beantworteten Fragen
Ihre Resultats-Entwicklung
Sie haben dieses Quiz noch nicht gespielt